Exercise Physiology and Ergonomics (Record no. 174493)

MARC details
000 -LEADER
fixed length control field 00500nam a22001817a 4500
005 - DATE AND TIME OF LATEST TRANSACTION
control field 20200618151813.0
010 ## - LCCN (DPL NO)
LC control number ENG-128213
020 ## - INTERNATIONAL STANDARD BOOK NUMBER
Terms of availability 150.00
035 ## - SYSTEM CONTROL NUMBER
System control number EN-111745
037 ## - SOURCE OF ACQUISITION
Source of stock number/acquisition DBAD/PUB
082 ## - DEWEY DECIMAL CLASSIFICATION NUMBER
Classification number 150.00
100 ## - MAIN ENTRY--PERSONAL NAME
Personal name Goswami,Asis
245 ## - TITLE STATEMENT
Title Exercise Physiology and Ergonomics
Statement of responsibility, etc by Asis,Goswami
260 ## - PUBLICATION, DISTRIBUTION, ETC. (IMPRINT)
Place of publication, distribution, etc kolkata
Name of publisher, distributor, etc Academic PUblisher
Date of publication, distribution, etc 2012
270 ## - ADDRESS
Address 5A Bhawani Dutta lane
City Kolkata
Postal code 700073
300 ## - PHYSICAL DESCRIPTION
Extent 163p.
Dimensions 23cm(pbk)
942 ## - ADDED ENTRY ELEMENTS (KOHA)
Source of classification or shelving scheme Dewey Decimal Classification
Item type English Books
Classification part 612.044
Holdings
Withdrawn status Lost status Not for loan Collection code Home library Current library Date acquired Source of acquisition Cost, normal purchase price Full call number Barcode Copy number Cost, replacement price Koha item type
      Non-fiction Ashok Vihar Ashok Vihar 18/06/2020 DBAD/PUB 150.00 612.044 GOS EN-111745 1 150.00 English Books

© Delhi Public Library
Hit Counter
free hit counter